| 000 | 00691nam a22002057a 4500 | ||
|---|---|---|---|
| 003 | OSt | ||
| 005 | 20250807082954.0 | ||
| 008 | 240521b |||||||| |||| 00| 0 eng d | ||
| 020 | _a9786710438888 | ||
| 040 |
_aDWC-Main Lib _cOC |
||
| 082 | _aFil. 338.5 J61m 2022 | ||
| 100 | _aJimenez, Christian Eligius A. | ||
| 245 |
_aManagerial economics in the 21st century / _bChristian Eligius A. Jimenez |
||
| 250 | _aFirst edition. | ||
| 260 |
_aSampaloc, Manila, Philippines : _bRex Bookstore, _cc2022. |
||
| 300 |
_ax, 196 pages : _b illustrations ; _c25cm. |
||
| 504 | _aIncludes bibliographical references and index. | ||
| 650 | _a1. Managerial economics. | ||
| 942 |
_2ddc _cBK - FIL _kFil. _n0 |
||
| 999 |
_c42 _d42 |
||